مكتبة جامعة عجلون الوطنية

فهرس بحث المكتبة

Normal view MARC view
  •  القرآن الكريم -- تفسير 

Entry Topical Term

Number of records used in: 1

001 - CONTROL NUMBER

  • control field: 11585

003 - CONTROL NUMBER IDENTIFIER

  • control field: JO-AjAnu

005 - DATE AND TIME OF LATEST TRANSACTION

  • control field: 20230606072146.0

008 - FIXED-LENGTH DATA ELEMENTS

  • fixed length control field: 230606|| aca||aabn | a|a d

040 ## - CATALOGING SOURCE

  • Original cataloging agency: JO-AjAnu
  • Transcribing agency: JO-AjAnu

150 ## - HEADING--TOPICAL TERM

  • Topical term or geographic name entry element:  القرآن الكريم -- تفسير 

670 ## - SOURCE DATA FOUND

  • Source citation: Work cat.: (JO-AjAnu)5968: تأليف الخوارزمي، أبي القاسم جار الله محمود بن عمر الزمخشري ؛ يوسف الحمادى، شرح وضبط ومراجعة, author 11584, الكشاف عن حقائق التنزيل وعيون الأقاويل في وجوه التأويل